Central Library OPAC University of Rajshahi

The modern history of Lebanon / (Record no. 27219)

MARC details
000 -LEADER
fixed length control field 00795nam a22002292 4500
001 - CONTROL NUMBER
control field 27219
003 - CONTROL NUMBER IDENTIFIER
rucl marc code BD-RjUL
005 - DATE AND TIME OF LATEST TRANSACTION
control field 20211209051128.0
008 - FIXED-LENGTH DATA ELEMENTS--GENERAL INFORMATION
fixed length control field 790827s1965 enk b 001 0 eng d
035 ## - SYSTEM CONTROL NUMBER
System control number (BD-RjUL)27291
-- OCLC ocm05314512 from D961015M
040 ## - CATALOGING SOURCE
Original cataloging agency BMC
Transcribing agency BMC
Modifying agency UKM
-- EQO
-- BD-RjUL
Language of cataloging eng
041 ## - LANGUAGE CODE
Language code of text/sound track or separate title eng
082 04 - DEWEY DECIMAL CLASSIFICATION NUMBER
Classification number 956.92
Edition number 18
Author mark and year SAM 1965
100 1# - MAIN ENTRY--PERSONAL NAME
Personal name Salibi, Kamal S.
Fuller form of name (Kamal Suleiman),
Dates associated with a name 1929-2011.
9 (RLIN) 83523
245 14 - TITLE STATEMENT
Title The modern history of Lebanon /
Statement of responsibility, etc. Kamal S. Salabi.
260 ## - PUBLICATION, DISTRIBUTION, ETC. (IMPRINT)
Place of publication, distribution, etc. London :
Name of publisher, distributor, etc. Weidenfeld and Nicolson,
Date of publication, distribution, etc. 1965.
300 ## - PHYSICAL DESCRIPTION
Pagination xxvii, 229 p., 4 leaves of plates :
Illustrations ill., maps ;
Size 23 cm.
490 0# - SERIES STATEMENT
Series statement Asia-Africa series of modern histories
504 ## - BIBLIOGRAPHY, ETC. NOTE
Bibliography, etc Bibliographical notes: p. 217-219. and index.
651 #0 - SUBJECT ADDED ENTRY--GEOGRAPHIC NAME
Geographic name Lebanon
General subdivision History.
9 (RLIN) 83524
942 ## - ADDED ENTRY ELEMENTS (KOHA)
Source of classification or shelving scheme Dewey Decimal Classification
Koha item type Books
Holdings
Lost status Source of classification or shelving scheme Damaged status Not for loan Collection code Permanent Location Current Location Shelving location Date acquired Source of acquisition Cost, normal purchase price Total Checkouts Full call number Date last seen Copy number Koha item type
  Dewey Decimal Classification   Added to bundle Non-fiction Central Library, University of Rajshahi Central Library, University of Rajshahi Reading Room 14/02/1967 Sh. Mod.Ashraf 27.00   956.92 SAM 1965 24/03/2014 C-1 Books